चिरंजीव सौभाग्यकांक्षिणी (Record no. 246547)

MARC details
000 -LEADER
fixed length control field 00654nam a2200181Ia 4500
008 - FIXED-LENGTH DATA ELEMENTS--GENERAL INFORMATION
fixed length control field 090201s9999 xx 000 0 und d
010 ## - LIBRARY OF CONGRESS CONTROL NUMBER
LC control number KPL-70415
020 ## - INTERNATIONAL STANDARD BOOK NUMBER
International Standard Book Number 81-7185-602-0
040 ## - CATALOGING SOURCE
Language of cataloging मराठी
041 ## - LANGUAGE CODE
Language code of text/sound track or separate title मराठी
082 ## - DEWEY DECIMAL CLASSIFICATION NUMBER
Classification number 49992
Item number 70415
100 ## - MAIN ENTRY--PERSONAL NAME
Personal name विजय तेंडुलकर
245 ## - TITLE STATEMENT
Title चिरंजीव सौभाग्यकांक्षिणी
Statement of responsibility, etc विजय तेंडुलकर
260 ## - PUBLICATION, DISTRIBUTION, ETC. (IMPRINT)
Date of publication, distribution, etc 2005
Name of publisher, distributor, etc पॉप्युलर प्रकाशन
300 ## - PHYSICAL DESCRIPTION
Extent 95
Other physical details मध्यम
600 ## - SUBJECT ADDED ENTRY--PERSONAL NAME
Personal name चिरंजीव सौभाग्यकांक्षिणी
942 ## - ADDED ENTRY ELEMENTS (KOHA)
Koha item type Book
Holdings
Withdrawn status Lost status Damaged status Not for loan Home library Current library Date acquired Cost, normal purchase price Total Checkouts Barcode Date last seen Copy number Cost, replacement price Price effective from Koha item type
        Sarvajanik Wachanalaya, Kalyan Sarvajanik Wachanalaya, Kalyan   95.00   KPL-70415 02/01/2009 1 95.00 02/01/2009 Book